000 02074nam0a2200325 4500
001 RU\NLR\bibl\1719952
005 20260408011741.0
010 _a978-5-9990-0010-1
_91000
021 _aRU
_b2010-95447
_96437
035 _a(NLR Aleph) 001710950
090 _a1279815
_c1279815
100 _a20101228d2010 |||y0rusy50 ca
101 2 _arus
102 _aRU
105 _aah |||||||||
200 1 _aВойна на уничтожение
_eнацистская политика геноцида на территории Восточной Европы
_eматериалы международной научной конференции, (Москва, 26-28 апреля 2010 года)
_f[сост.: А.Р. Дюков, О.Е. Орленко
_gпер. с англ.: Н.И. Бодрова и др.
_gпер. с фр.: О.Е. Орленко, Е.И. Соловьева]
210 _aМосква
_cФонд содействия актуальным историческим исследованиям "Историческая память"
_d2010
215 _a503 с.
_cил., факс.
_d21
300 _aВ надзаг.: Фонд "Ист. память"
320 _aБиблиогр. в подстроч. примеч.
606 1 _aГеноцид
_jСъезды, совещания и т.п.
_yВосточноевропейские страны
_z1939 - 1945
_92611613
_3RU\NLR\auth\661548171
686 _aТ3(0)628.25я431
686 _aТ3(4Г)63-49я431
702 1 _4220
_8rus
_7ca
_aДюков
_bА. Р.
_f1978-
_gАлександр Решидеович
_3RU\NLR\auth\7798357
_981283
711 1 2 _a"Война на уничтожение. Нацистская политика геноцида на территории Восточной Европы", международная научная конференция
_f2010
_eМосква
_3RU\NLR\AUTH\8810173654
_9843210
801 0 _aRU
_bNLR
_c20101228
_gRCR
801 1 _aRU
_bNLR
_c20101228
942 _cBOOK
980 _aNB